CIBSE Guide E (Record no. 96590)

MARC details
000 -LEADER
fixed length control field 00765cam a2200241 4500
001 - CONTROL NUMBER
control field M85682
008 - FIXED-LENGTH DATA ELEMENTS--GENERAL INFORMATION
fixed length control field 050897 1997 d h 1
020 ## - INTERNATIONAL STANDARD BOOK NUMBER
International Standard Book Number 0900953780
035 ## - SYSTEM CONTROL NUMBER
System control number (Sirsi) u80102
041 0# - LANGUAGE CODE
Language code of text/sound track or separate title eng
050 04 - LIBRARY OF CONGRESS CALL NUMBER
Classification number 697 $2 18
110 2# - MAIN ENTRY--CORPORATE NAME
Corporate name or jurisdiction name as entry element Chartered Institution of Building Services Engineers
9 (RLIN) 2360
245 00 - TITLE STATEMENT
Title CIBSE Guide E
Remainder of title fire engineering
260 ## - PUBLICATION, DISTRIBUTION, ETC.
Place of publication, distribution, etc. London
Name of publisher, distributor, etc. CIBSE
Date of publication, distribution, etc. 1997
300 ## - PHYSICAL DESCRIPTION
Extent 152p.
Other physical details ill.
Dimensions 30cm.
350 ## - PRICE (NR) (BK AM CF MU VM SE) [OBSOLETE]
Price 84
490 ## - SERIES STATEMENT
Series statement CIBSE Guide
Volume/sequential designation E
520 ## - SUMMARY, ETC.
Summary, etc. Superseeded by second edition (ISBN 1903287316). "Supersedes "CIBSE Guide B: Installation and Equipment Data" sB5 (ISBN 0900953306).
690 ## - LOCAL SUBJECT ADDED ENTRY--TOPICAL TERM (OCLC, RLIN)
Topical term or geographic name as entry element Block management
9 (RLIN) 6220
690 ## - LOCAL SUBJECT ADDED ENTRY--TOPICAL TERM (OCLC, RLIN)
Topical term or geographic name as entry element MANAGEMENT-HEALTH AND SAFETY-FIRE SAFETY
942 ## - ADDED ENTRY ELEMENTS (KOHA)
Suppress in OPAC 0
948 ## - LOCAL PROCESSING INFORMATION (OCLC); SERIES PART DESIGNATOR (RLIN)
c (OCLC) 05/08/1997
Holdings
Withdrawn status Lost status Source of classification or shelving scheme Damaged status Not for loan Home library Current library Shelving location Date acquired Cost, normal purchase price Total Checkouts Full call number Barcode Date last seen Date last checked out Copy number Cost, replacement price Price effective from Koha item type
    Dewey Decimal Classification     London London Basement 23/09/1997 84.00 4 SHELF 113 30053112 06/08/2019 17/10/2006 1 84.00 06/08/2019 Book